| 000 | 01779cam a2200409 i 4500 | ||
|---|---|---|---|
| 001 | 13406861 | ||
| 003 | EG-ScBUE | ||
| 005 | 20240903090719.0 | ||
| 008 | 031117t2003 nyua f 001 0 eng d | ||
| 020 | _a0071402276 (pbk.) | ||
| 020 | _a9780071402279 | ||
| 040 |
_aDLC _beng _erda _cDLC _dDLC _dEG-ScBUE |
||
| 082 | 0 | 4 |
_a510 _222 _bAYR |
| 100 | 1 |
_aAyres, Frank, _d1901-1994, _eauthor. |
|
| 245 | 1 | 0 |
_aSchaum's outline of theory and problems of college mathematics : _balgebra, discrete mathematics, precalculus, introduction to calculus / _cFrank Ayres, Jr., Ph.D., formerly professor and head, Department of Mathematics, Dickinson College, Philip A. Schmidt, Ph.D., formerly professor and head, Department of Mathematics, Dickinson College. |
| 246 | 3 | 0 | _aTheory and problems of college mathematics |
| 246 | 3 | 0 | _aCollege mathematics |
| 250 | _aThird edition. | ||
| 264 | 1 |
_aNew York : _bMcGraw-Hill, _c[2003] |
|
| 264 | 4 | _cc2003 | |
| 300 |
_a426 pages : _billustrations ; _c28 cm. |
||
| 336 |
_2rdacontent _atext _btxt |
||
| 337 |
_aunmediated _2rdamedia _bn |
||
| 338 |
_avolume _bnc _2rdacarrier |
||
| 490 | 0 | _aSchaum's outline series | |
| 500 | _aRev. ed. of: First year college mathematics / Frank Ayres, Jr., c1958. | ||
| 500 | _aIncludes index. | ||
| 650 | 7 |
_aMathematics. _2BUEsh |
|
| 650 | 7 |
_aPrecalculus. _2BUEsh |
|
| 650 | 7 |
_aMathematics _vProblems, exercises, etc. _2BUEsh |
|
| 655 | _vReading book | ||
| 700 | 1 |
_aSchmidt, Philip A., _eauthor. |
|
| 856 | 4 | 2 |
_3Contributor biographical information _uhttp://www.loc.gov/catdir/bios/mh041/2003283095.html |
| 856 | 4 | 1 |
_3Table of contents _uhttp://www.loc.gov/catdir/toc/mh041/2003283095.html |
| 856 | 4 | 2 |
_3Publisher description _uhttp://www.loc.gov/catdir/description/mh041/2003283095.html |
| 942 |
_2ddc _cBB |
||
| 999 |
_c10839 _d10839 |
||